000 00695nam a2200217Ia 4500
001 15818
003 GE_BSU
008 181216s||||||||xx |||||||||||||| ||und||
040 _cGE_BSU
080 _a821.353.1-31
100 _aჭეიშვილი, რეზო
245 _aჩემი მეგობარი ნოდარი.
245 _bრომანი
245 _cრედ.მ.ელოიშვილი. მხ.დ.ზარაფიშვილი
260 _aთბილისი
260 _bნაკადული
260 _c1966
300 _a242 გვ.20სმ.
653 _aჩემი მეგობარი ნოდარი.
942 _cBK
999 _c48915
_d48915